| 000 | 00574nam a2200205 a 4500 | ||
|---|---|---|---|
| 005 | 20210219152841.0 | ||
| 008 | 991125n 000 0 spa u | ||
| 035 | _aUPN01000063012 | ||
| 100 | _aGUERRA ALTAMIRANO, Gerardo | ||
| 222 | _aREVISTA DE LA EDUCACION SUPERIOR | ||
| 245 | _aLa administración de la computación en la UAEM | ||
| 300 | _a21-41 | ||
| 362 | _a1984 Vol. 13, no. 2(50) abr.-jun. | ||
| 653 | 0 | _aADMINISTRACION EDUCATIVA | |
| 653 | 0 | _aCOMPUTACION | |
| 653 | 0 | _aEDUCACION SUPERIOR | |
| 653 | 0 | _aUAEM | |
| 904 |
_aAC _b000823 |
||
| 905 | _aArticulo | ||
| 999 |
_c61938 _d61938 |
||